Modern analytical chemistry /

Na minha lista:
Detalhes bibliográficos
Autor principal: Harvey, David
Formato: Sách giấy
Idioma:English
Publicado em: Boston : McGraw-Hill , 2000
Tags: Adicionar Tag
Sem tags, seja o primeiro a adicionar uma tag!
Thư viện lưu trữ: Thư viện Trường Đại học Đà Lạt
LEADER 00542nam a2200241 4500
001 DLU020018493
005 ##9/25/2001
020 # # |a 978- 
041 # # |a eng 
082 # # |a 543  |b HA-D 
100 # # |a Harvey, David 
245 # # |a Modern analytical chemistry /  |c David Harvey 
260 # # |a Boston :  |b McGraw-Hill ,  |c 2000 
300 # # |a 798 tr., X;   |c 26 cm. 
992 # # |a 688481 
994 # # |a DLU 
900 # # |a False 
911 # # |a Administrator 
925 # # |a G 
926 # # |a A 
927 # # |a SH 
980 # # |a Thư viện Trường Đại học Đà Lạt